और पंछी उड़ गया (Record no. 99679)

MARC details
000 -LEADER
fixed length control field 02444nam a2200301Ia 4500
003 - CONTROL NUMBER IDENTIFIER
control field OSt
005 - DATE AND TIME OF LATEST TRANSACTION
control field 20220923215325.0
008 - FIXED-LENGTH DATA ELEMENTS--GENERAL INFORMATION
fixed length control field 220915b |||||||| |||| 00| 0 hin d
020 ## - INTERNATIONAL STANDARD BOOK NUMBER
International Standard Book Number 8170284775
020 ## - INTERNATIONAL STANDARD BOOK NUMBER
International Standard Book Number 9788170284772
037 ## - SOURCE OF ACQUISITION
Terms of availability Textbook
040 ## - CATALOGING SOURCE
Language of cataloging hin
Original cataloging agency ARTS
Transcribing agency ARTS
041 ## - LANGUAGE CODE
Language code of text/sound track or separate title hin
100 ## - MAIN ENTRY--PERSONAL NAME
Personal name विष्णु प्रभाकर
245 #0 - TITLE STATEMENT
Title और पंछी उड़ गया
246 ## - VARYING FORM OF TITLE
Title proper/short title Aur panchhī uड़ gayā
260 ## - PUBLICATION, DISTRIBUTION, ETC.
Place of publication, distribution, etc. दिल्ली
Name of publisher, distributor, etc. राजपाल भारत
Date of publication, distribution, etc. 2004
300 ## - PHYSICAL DESCRIPTION
Extent 204पृ0
Dimensions cm.
490 ## - SERIES STATEMENT
Series statement एक दिशाहीन सफ़र - 3
520 ## - SUMMARY, ETC.
Summary, etc. यशस्वी साहित्यकार विष्णु प्रभाकर की बहुप्रतीक्षित आत्मकथा...साथ ही पूरी एक सदी के साहित्यिक जीवन तथा समाज और देश का चारों ओर दृष्टि डालता आईना और दस्तावेज़ विष्णु प्रभाकर अपने सुदीर्घ जीवन में साहित्य के अतिरिक्त सामाजिक नवोदय तथा स्वतंत्रता-संग्राम से भी पूरी अंतरंगता से जुड़े रहे-रंगमंच, रेडियो तथा दूरदर्शन सभी में वे आरंभ से ही सक्रिय रहे। शरत्चन्द्र चटर्जी के जीवन पर लिखी उनकी बहुप्रशंसित कृति 'आवारा मसीहा' की तरह यह भी अपने ढंग की विशिष्ट रचना है। यह आत्मकथा तीन खंडों में प्रकाशित है: • पंखहीन (प्रथम खंड) • मुक्त गगन में (द्वितीय खंड) • और पंछी उड़ गया (तृतीय खंड)
942 ## - ADDED ENTRY ELEMENTS (KOHA)
Classification part O152,3N12w,1, P4
Koha item type Textbook
Source of classification or shelving scheme Colon Classification (CC)
Holdings
Withdrawn status Lost status Damaged status Not for loan Home library Current library Date acquired Source of acquisition Cost, normal purchase price Total Checkouts Full call number Barcode Date last seen Cost, replacement price Price effective from Koha item type
        Arts Library Arts Library 2022-09-16 448, 19/03/2008, Swaraj Prakashan 200.00   O152,3N12w,1 P4 AL1346504 2022-09-16 200.00 2022-09-16 Textbook
Copyright @ Delhi University Library System